000
00282 a2200145 4500
001
174218
020
_a
040
_c
Magnum
100
_a
Kleiman, Angela
240
1
0
_a
Texto e leitor
_l
por
245
1
0
_a
Texto e leitor
362
0
_a
1899
697
_a
PEDAGOGIA
942
_c
BK
999
_c
174218
_d
174218